| 000 | 00432nam a2200181Ia 4500 | ||
|---|---|---|---|
| 001 | 15725 | ||
| 005 | 20260306170217.0 | ||
| 008 | 260306t2015||||xx |||||||||||||| ||und|| | ||
| 041 | _aESP | ||
| 082 |
_a601 _bB92 |
||
| 100 |
_aBunge, Mario _eAUT |
||
| 245 | 0 | _aFilosofía de la tecnología y otros ensayos | |
| 260 | _c2015 | ||
| 300 |
_a352 páginas : _c22 cm. |
||
| 650 | _aGEN | ||
| 654 | _aCCN | ||
| 942 |
_cLIB _dJUS _fJUS _2ddc _n |
||
| 999 |
_c15725 _d15725 |
||